| 000 | 00530nam a22001577a 4500 | ||
|---|---|---|---|
| 003 | OSt | ||
| 005 | 20151101160334.0 | ||
| 008 | 151101b xxu||||| |||| 00| 0 eng d | ||
| 040 | _cRUA | ||
| 082 | _aFOR ឡុង 1991 B116 Or.1 | ||
| 100 |
_93159 _aឡុង ប៊ុង |
||
| 245 | _aទស្សនៈស្ដីពីការរៀបចំអង្កការរុក្ខា-ប្រមាញ់ បច្ចុប្បន្ន | ||
| 260 |
_aPhnom Penh _bRUA _c1991 |
||
| 300 |
_a54p. _bill. _c29cm. |
||
| 942 |
_2ddc _cFIS |
||
| 999 |
_c2947 _d2947 |
||